Statistics for Lil Baby Songs Quiz

Click here to take the quiz!

General Stats

  • This quiz has been taken 62 times
  • The average score is 14 of 109

Answer Stats

AlbumArtist(s)Song% Correct
My Turn DeluxeLil Baby, 42 DuggWe Paid
58%
Too HardLil BabyFreestyle
44%
SingleLil BabyOn Me
42%
Street GossipLil BabyPure Cocaine
39%
Just Cause Yall Waited 2Lil Durk, Lil Baby, Polo G3 Headed Goat
37%
My TurnLil BabyEmotionally Scarred
37%
KHALED KHALEDDJ Khaled, Lil Baby, Lil DurkEvery Chance I Get
37%
My TurnLil BabySum 2 Prove
37%
Shoot For The Stars, Aim For The MoonPop Smoke, Lil Baby, DaBabyFor The Night
36%
My TurnLil Baby, 42 DuggGrace
32%
Harder Than HardLil BabyLife
32%
My TurnLil BabyWoah
32%
My TurnLil Baby, GunnaHeatin Up
29%
My TurnLil BabyHow
29%
Street GossipLil Baby, GunnaReady
29%
My TurnLil Baby, Lil Uzi VertCommercial
27%
Harder Than EverLil Baby, DrakeYes Indeed
27%
Harder Than EverLil Baby, Gunna, Lil Uzi VertLife Goes On
25%
Top ShottaNLE Choppa, Lil BabyNarrow Road
25%
My TurnLil Baby, Moneybagg YoNo Sucker
25%
EpidemicMoney Man, Lil Baby24
22%
My Turn DeluxeLil BabyAll In
22%
My Turn DeluxeLil BabyLow Down
22%
Street GossipLil Baby, Meek MillTime
22%
My Turn DeluxeLil BabyHumble
20%
SingleLil Baby, Megan Thee StallionOn Me Remix
20%
SingleLil BabyThe Bigger Picture
20%
My TurnLil Baby, FutureLive Off My Closet
19%
Harder Than HardLil BabyMy Dawg
19%
Perfect TimingLil Baby, Gunna, Lil DukeUp
19%
My TurnLil Baby, Lil WayneForever
17%
The GoatPolo G, Lil BabyBe Something
15%
My TurnLil BabyCatch The Sun
15%
My TurnLil Baby, Rylo RodriguezForget That
15%
My TurnLil BabyGet Ugly
15%
Harder Than EverLil BabySouthside
15%
Time ServedMoneybagg Yo, Lil BabyU Played
15%
Too HardLil Baby, Moneybagg YoAll Of A Sudden
14%
SingleLil BabyErrbody
14%
My TurnLil BabyGang Signs
14%
My TurnLil BabyHurtin
14%
My TurnLil BabySame Thing
14%
My Turn DeluxeLil BabySocial Distancing
14%
My TurnLil Baby, Young ThugWe Should
14%
My TurnLil BabyCant Explain
12%
My TurnLil BabySolid
12%
Street GossipLil Baby, NoCapDreams 2 Reality
10%
Harder Than EverLil BabyNever Needed No Help
10%
Street GossipLil BabyWord On The Street
10%
Street GossipLil Baby, 2 Chainz, Gucci ManeAnyway
8%
Harder Than EverLil BabyCash
8%
Street GossipLil BabyChastised
8%
My TurnLil BabyConsistent
8%
KHALED KHALEDDJ Khaled, Post Malone, Megan Thee Stallion, Lil Baby, DaBabyDid It
8%
Harder Than EverLil Baby, StarlitoExotic
8%
Harder Than EverLil BabyFirst Class
8%
My Turn DeluxeLil BabyGet Money
8%
Harder Than EverLil BabyIntro
8%
Too HardLil BabyMoney
8%
Pray 4 LoveRod Wave, Lil BabyRags2Riches 2
8%
Street GossipLil Baby, Gucci Mane, OffsetRealist In It
8%
Too HardLil Baby, GunnaMoney Forever
7%
Street GossipLil Baby, Young ThugSection 8
7%
Harder Than EverLil Baby, GunnaThrowing Shade
7%
Harder Than EverLil Baby, OffsetTransporter
7%
Perfect TimingLil Baby, SkullE9To5
5%
Perfect TimingLil BabyDays Off
5%
Too HardLil BabyDive In
5%
Too HardLil Baby, Rylo RodriguezEat Or Starve
5%
Harder Than EverLil BabyFit In
5%
Street GossipLil BabyGlobal
5%
Too HardLil BabyHurry
5%
Harder Than EverLil BabyIm Straight
5%
Street GossipLil Baby, Rylo RodriguezNo Friends
5%
Perfect TimingLil BabyOption
5%
Too HardLil BabyRide My Wave
5%
Harder Than EverLil Baby, Young ThugRight Now
5%
Too HardLil BabySlow Mo
5%
Too HardLil Baby, Rylo RodriguezStick On Me
5%
Too HardLil Baby, Lil YachtySum More
5%
Street GossipLil BabyThis Week
5%
Too HardLil BabyTo The Top
5%
Too HardLil BabyTrap Star
5%
Too HardLil Baby, Lavish The MDKVision Clear
5%
Perfect TimingLil Baby, Lil Yachty100 Round
3%
Harder Than HardLil Baby, MarloA-Town
3%
Harder Than EverLil Baby, Moneybagg YoBank
3%
Too HardLil BabyBest Of Me
3%
Harder Than EverLil Baby, Hoodrich Pablo JuanBoss Bitch
3%
Street GossipLil BabyCrush A Lot
3%
Too HardLil BabyGoing For It
3%
Harder Than EverLil BabyLeaked
3%
Harder Than HardLil BabyMinute
3%
Perfect TimingLil Baby, GunnaOur Year
3%
Harder Than HardLil Baby, Young ThugPink Slip
3%
Perfect TimingLil BabyPlug
3%
Perfect TimingLil BabyRacks In
3%
Harder Than EverLil BabySpazz
3%
Harder Than HardLil BabyDates
2%
Perfect TimingLil BabyFor You
2%
Perfect TimingLil Baby, Marlo, YogiiGrindin
2%
Harder Than HardLil BabyLarge
2%
Harder Than HardLil BabyMy Drip
2%
Harder Than HardLil BabyNarcs
2%
Harder Than HardLil Baby, Bite Da Don, MarloRide Or Die
2%
Perfect TimingLil Baby, Young ThugRider
2%
Harder Than HardLil Baby, ColdHeartedSavageStendo
2%
Harder Than HardLil BabySurvive Da Motion
2%
Perfect TimingLil Baby, Young ScooterTrust
2%

Score Distribution

Percentile by Number Answered

Percent of People with Each Score

Your Score History

You have not taken this quiz